| 000 | 00881nam a2200217 i 4500 | ||
|---|---|---|---|
| 001 | 61924 | ||
| 003 | ES-MaACL | ||
| 005 | 20260327152520.0 | ||
| 007 | t| | ||
| 008 | 031114s1916 uy ||||1| spa d | ||
| 100 | 1 |
_aFalcao Espalter, Mario ( _dn. 1892) _948688 |
|
| 245 | 1 | 4 |
_aEl "Quijote" en las escuelas / _cMario Falcao Espalter. |
| 260 |
_aMontevideo : _b[s.n.], _c1916 ( _fImp. "La Buena Prensa") |
||
| 300 |
_a43 p., [1] h. de lám. ; _c17 cm. |
||
| 530 | _aDisponible en formato digital. | ||
| 600 | 1 | 4 |
_aCervantes Saavedra, Miguel de, _d1547-1616. _tDon Quijote de la Mancha _937612 |
| 852 |
_aES-MaACL _j1545-F-9 _zRevisado enlace: 28 de Marzo de 2025. _964273 _cDEPOF _g Dedicatoria del autor a Miguel de Unamuno |
||
| 856 | 4 |
_uhttp://bdh-rd.bne.es/viewer.vm?id=0000254961&page=1 _yBiblioteca Digital Hispánica |
|
| 942 | _2udc | ||
| 999 |
_c61924 _d61924 |
||